000 00587nam a2200181Ia 4500
008 240729s9999 xx 000 0 und d
022 _a2347-2529
245 0 _aInternational Journal of Advances in Applied Mathematics and Mechanics
260 _aIndia
260 _bInternational Journal of Advances in Applied Mathematics and Mechanics
650 _a Descriptive and experimental mechanics | Science
650 _a Mathematics
650 _a Physics
650 _aScience
856 _uhttps://doaj.org/toc/3442f62deb2e4372893e2e5d8c575d73
942 _2ddc
942 _cDOAJEJ
999 _c71213
_d71213
945 _a1
_bMadushi Gamage
_c1
_dMadushi Gamage